The De Bono code book : going beyond the limits of language

Bibliographic Details
Main Author: De Bono, Edward (Author)
Format: Book
Language:English
Published: London : Penguin Books Ltd. 2000
Subjects:

MARC

LEADER 00000cam a2200000 7i4500
001 0000008819
005 20241003.0
008 160824 enk eng
020 |a 0670888494 
040 |a INS   |b eng   |e rda 
090 0 0 |a BF637.C45   |b D43 2000 
100 1 |a De Bono, Edward ,   |e author 
245 1 4 |a The De Bono code book :   |b going beyond the limits of language   |c Edward De Bono 
264 1 |a London :   |b Penguin Books Ltd.   |c 2000 
300 |a 376 pages ;   |c 24 cm. 
336 |a text  |2 rdacontent 
337 |a unmediated  |2 rdamedia 
338 |a volume  |2 rdacarrier 
650 0 |a Interpersonal communication 
650 0 |a Language and languages 
999 |a 0000007978   |b BOOK   |c Open Shelf   |e Default branch 
999 |a 0000023258   |b BOOK   |c Open Shelf   |e Default branch